Normal view
MARC view
Entry Geographic Name
001 - CONTROL NUMBER
- control field: 11830
003 - CONTROL NUMBER IDENTIFIER
- control field: BD-RjUL
005 - DATE AND TIME OF LATEST TRANSACTION
- control field: 20240220122802.0
008 - FIXED-LENGTH DATA ELEMENTS
- fixed length control field: 240220|| aca||aabn | a|a d
040 ## - CATALOGING SOURCE
- Original cataloging agency: BD-RjUL
- Transcribing agency: BD-RjUL
151 ## - HEADING--GEOGRAPHIC NAME
- Geographic name: Ireland
- General subdivision: Politics and government
- Chronological subdivision: 19th century
- Form subdivision: Sources
670 ## - SOURCE DATA FOUND
- Source citation: Work cat.: (BD-RjUL)83122: O'Connell, Daniel, 1775-1847. 11828, The select speeches of Daniel O'Connell, M. P.,, 1682.